000 00753nam a2200217 a 4500
005 20240919063810.0
008 991125s1977 mx 000 0 spa u
035 _aUPN01000021445
049 _aCG
050 4 _aF1203
_bH5.7 v.11
100 1 _aMeyer, Jean,
_d1942-
_929319
245 1 0 _aEstado y sociedad con Calles /
_cpor Jean Meyer ; colab. de Enrique Krauze y Calletano Reyes.
260 _aMéxico :
_bEl Colegio de México,
_c1977.
300 _a371 p. :
_bil.
440 0 _aHistoria de la revolución mexicana ;
_v11
651 4 _aMEXICO -
_xHISTORIA -
_yREGIMEN CALLISTA, 1924-1928
651 4 _aMéxico
_xPolítica y gobierno
_94512
700 1 _aKrauze, Enrique,
_d1947-
_ecolab.
_928570
700 1 _aReyes, Cayetano,
_ecolab.
905 _aLibro
999 _c21445
_d21445